Normal view
MARC view
Entry Personal Name
001 - CONTROL NUMBER
- control field: 54212
003 - CONTROL NUMBER IDENTIFIER
- control field: dpl
005 - DATE AND TIME OF LATEST TRANSACTION
- control field: 20121212113022.0
008 - FIXED-LENGTH DATA ELEMENTS
- fixed length control field: 121212|||a|||||| | ||| d
040 ## - CATALOGING SOURCE
- Original cataloging agency: dpl
- Transcribing agency: dpl
100 ## - HEADING--PERSONAL NAME
- Personal name: Kulshrestha, S. K.
670 ## - SOURCE DATA FOUND
- Source citation: Work cat.: (dpl)0: Kulshrestha, S. K., Urban and regional planning in India :, 2012
670 ## - SOURCE DATA FOUND
- Source citation: Work cat.: (dpl)0: Kulshrestha, S. K., Urban and regional planning in India :, 2012
